Kentucky Basketball: Leading Scorer Every Year - Statistics

General Stats
  • This quiz has been taken 368 times
    168 since last reset
  • The average score is 23 of 74
Answer Stats
Year Player Average % Correct
2011-2012 Anthony Davis 14.2
93%
2023-2024 Antonio Reeves 20.2
84%
2016-2017 Malik Monk 19.8
80%
2021-2022 Oscar Tshiebwe 17.4
78%
2022-2023 Oscar Tshiebwe 16.5
78%
2009-2010 John Wall 16.6
76%
2014-2015 Aaron Harrison 11.0
68%
2018-2019 P.J. Washington 15.2
65%
2015-2016 Jamal Murray 20.0
60%
2019-2020 Immanuel Quickley 16.1
58%
1997-1998 Jeff Sheppard 13.7
58%
2013-2014 Julius Randle 15.0
57%
2017-2018 Kevin Knox 15.6
50%
2010-2011 Brandon Knight 17.3
47%
2020-2021 Davion Mintz 11.5
45%
2008-2009 Jodie Meeks 23.7
45%
2012-2013 Archie Goodwin 14.1
41%
1968-1969 Dan Issel 26.6
41%
1969-1970 Dan Issel 33.9
41%
1999-2000 Tayshaun Prince 13.3
41%
2001-2002 Tayshaun Prince 17.5
41%
1991-1992 Jamal Mashburn 21.3
40%
1992-1993 Jamal Mashburn 21.0
40%
1984-1985 Kenny Walker 22.9
39%
1985-1986 Kenny Walker 20.0
39%
1993-1994 Tony Delk 16.6
36%
1994-1995 Tony Delk 16.7
36%
1995-1996 Tony Delk 17.8
36%
1975-1976 Jack Givens 20.1
34%
1976-1977 Jack Givens 18.9
34%
1977-1978 Jack Givens 18.1
34%
2000-2001 Keith Bogans 17.0
33%
2002-2003 Keith Bogans 15.7
33%
1951-1952 Cliff Hagan 21.6
32%
1953-1954 Cilff Hagan 24.0
31%
1965-1966 Pat Riley 22.0
26%
1986-1987 Rex Chapman 16.0
26%
1987-1988 Rex Chapman 19.0
26%
1989-1990 Derrick Miller 19.2
23%
1980-1981 Sam Bowie 17.4
23%
1978-1979 Kyle Macy 15.2
20%
1979-1980 Kyle Macy 15.4
20%
1961-1962 Cotton Nash 23.4
18%
1962-1963 Cotton Nash 20.6
18%
1963-1964 Cotton Nash 24.0
18%
1996-1997 Ron Mercer 18.1
18%
1998-1999 Scott Padgett 12.6
18%
2007-2008 Joe Crawford 17.9
17%
2003-2004 Gerald Fitch 16.2
15%
2005-2006 Randolph Morris 13.3
15%
2006-2007 Randolph Morris 16.1
15%
1990-1991 Reggie Hanson / John Pelphrey 14.4
15%
2004-2005 Kelenna Azubuike 14.7
14%
1964-1965 Louie Dampier 17.0
14%
1966-1967 Louie Dampier 20.7
14%
1948-1949 Alex Groza 20.5
12%
1950-1951 Bill Spivey 19.2
12%
1973-1974 Kevin Grevey 21.9
12%
1974-1975 Kevin Grevey 23.5
12%
1982-1983 Melvin Turpin 15.1
12%
1983-1984 Melvin Turpin 15.2
12%
1967-1968 Mike Casey 20.0
11%
1988-1989 LeRon Ellis 16.0
10%
1954-1955 Bob Burrow 19.0
9%
1955-1956 Bob Burrow 21.1
9%
1981-1982 Derrick Hord 16.3
8%
1959-1960 Bill Lickert 14.4
7%
1960-1961 Bill Lickert 16.1
7%
1971-1972 Jim Andrews 21.5
7%
1972-1973 Jim Andrews 20.1
7%
1956-1957 Johnny Cox 19.4
7%
1958-1959 Johnny Cox 18.0
7%
1970-1971 Tom Parker 17.6
7%
1957-1958 Vernon Hatton 17.1
7%
No matching quizzes found
Score Distribution
Percent of People with Each Score
Percentile by Number Answered
Your Score History
You have not taken this quiz since the last reset